US overseas militaryy bases - Statistics

General Stats
  • This quiz has been taken 259 times
  • The average score is 17 of 32
Answer Stats
Hint Answer % Correct
45 596 Germany
94%
9 310 United Kingdom
92%
52 692 Japan
91%
28 500 South Korea
84%
10 916 Italy
83%
1 600 Spain
81%
278 Saudi Arabia
75%
1 491 Turkey
75%
183 Australia
74%
361 Greece
66%
713 Portugal
63%
800 Qatar
63%
15 000 Kuwait
61%
292 Egypt
60%
193 United Arb Emirates
60%
2 902 Bahrain
57%
988 Guantanamo Bay
55%
131 Philippines
54%
146 Canada
50%
90 Norway
50%
114 Thailand
50%
374 Netherlands
49%
1 165 Belgium
48%
5 646 Guam
43%
139 Djibouti
35%
180 Singapore
31%
49 242 Hawaii
25%
162 Puerto Rico
20%
138 Greenland
18%
21 280 Alaska
15%
388 Honduras
13%
516 Diego Garcia
12%
No matching quizzes found
Score Distribution
Percent of People with Each Score
Percentile by Number Answered
Your Score History
You have not taken this quiz